[Event "FRA-ch op-D"]
[Site "Pau"]
[Date "2008.08.15"]
[Round "4"]
[White "Bonnave, Olivier"]
[Black "Cureau, Christian"]
[Result "1/2-1/2"]
[WhiteElo "1499"]
[BlackElo "1420"]
[PlyCount "140"]
[EventDate "2008.08.11"]
[EventType "swiss"]
[EventRounds "9"]
[EventCountry "FRA"]
[SourceTitle "CBM 126 Extra"]
[Source "ChessBase"]
[SourceDate "2008.11.05"]
[SourceVersion "1"]
[SourceVersionDate "2008.11.05"]
[SourceQuality "1"]

1. e4 e5 2. Nf3 Nf6 3. Nxe5 d6 4. Nf3 Nxe4 5. Bc4 d5 6. Bb3 Bc5 7. d4 Bb6 8. 0-0 0-0 9. Nc3 Nxc3 10. bxc3 Re8 11. Re1 c6 12. Bf4 Bg4 13. Qd3 Nd7 14. Rxe8+ Qxe8 15. Re1 Qd8 16. h3 Bh5 17. Qe3 Nf6 18. Bg5 Qe8 19. Bxf6 Qxe3 20. Rxe3 gxf6 21. Nh4 Kf8 22. f4 Bc7 23. g3 Bg6 24. Kf2 Be4 25. Nf3 h5 26. Nd2 f5 27. c4 Rd8 28. cxd5 cxd5 29. c3 b5 30. h4 Kg7 31. Bd1 Kh6 32. Nb3 Bb6 33. Be2 a6 34. Ke1 Rd6 35. Kd2 Re6 36. Bd3 Kg6 37. Nc1 Ba5 38. a3 Rc6 39. Be2 Bc7 40. Na2 Re6 41. Nb4 Bd8 42. Nd3 Bxd3 43. Bxd3 Be7 44. Rxe6+ fxe6 45. a4 bxa4 46. Bxa6 a3 47. Kc2 Bd6 48. Kb3 Be7 49. Bd3 Bd6 50. Bb1 Be7 51. Ka4 Kf7 52. Kb5 Ke8 53. Kc6 Kd8 54. Ba2 Kc8 55. c4 dxc4 56. Bxc4 Bb4 57. Bxe6+ Kd8 58. Kb5 Ke7 59. Ba2 Be1 60. Ka4 Bxg3 61. Kxa3 Bxf4 62. Kb3 Kf6 63. Kb4 Bg3 64. Bd5 f4 65. Be4 Bxh4 66. Kc5 Kg5 67. Bf3 Kh6 68. Kd6 Bg5 69. Ke6 h4 70. Bg4 Kg6 1/2-1/2

[Event "FRA-ch op-D"]
[Site "Pau"]
[Date "2008.08.14"]
[Round "3"]
[White "Billon, Florent"]
[Black "Bonnave, Olivier"]
[Result "1-0"]
[WhiteElo "1450"]
[BlackElo "1499"]
[PlyCount "87"]
[EventDate "2008.08.11"]
[EventType "swiss"]
[EventRounds "9"]
[EventCountry "FRA"]
[SourceTitle "CBM 126 Extra"]
[Source "ChessBase"]
[SourceDate "2008.11.05"]
[SourceVersion "1"]
[SourceVersionDate "2008.11.05"]
[SourceQuality "1"]

1. d4 d5 2. c4 e6 3. Nf3 Nf6 4. Nc3 Be7 5. Bf4 Nc6 6. e3 a6 7. Ne5 dxc4 8. Nxc6 bxc6 9. Bxc4 Bd6 10. Bg5 h6 11. Bh4 g5 12. Bg3 h5 13. Bxd6 cxd6 14. h3 Ke7 15. Qe2 d5 16. Bd3 Qd6 17. Qd2 Qb8 18. e4 dxe4 19. Nxe4 Nxe4 20. Bxe4 Qb5 21. a4 Qc4 22. Qxg5+ Kd7 23. Rc1 Qb4+ 24. Kf1 Qxb2 25. Bxc6+ Kc7 26. Qe7+ Kb8 27. Qd6+ Ka7 28. Qc7+ Bb7 29. Bxb7 Qxb7 30. Qxb7+ Kxb7 31. Ke2 Rac8 32. Rxc8 Rxc8 33. Rb1+ Ka7 34. Kd3 a5 35. Rb5 Ka6 36. Rxh5 Rc6 37. Rc5 Rd6 38. h4 f6 39. h5 e5 40. d5 Rd8 41. Ke4 Kb6 42. Rc6+ Kb7 43. Rxf6 Rc8 44. Kxe5 1-0

[Event "FRA-ch op-D"]
[Site "Pau"]
[Date "2008.08.13"]
[Round "2"]
[White "Bonnave, Olivier"]
[Black "Louot, Catherine"]
[Result "1-0"]
[WhiteElo "1499"]
[BlackElo "1430"]
[PlyCount "43"]
[EventDate "2008.08.11"]
[EventType "swiss"]
[EventRounds "9"]
[EventCountry "FRA"]
[SourceTitle "CBM 126 Extra"]
[Source "ChessBase"]
[SourceDate "2008.11.05"]
[SourceVersion "1"]
[SourceVersionDate "2008.11.05"]
[SourceQuality "1"]

1. Nf3 Nf6 2. d3 g6 3. b3 Bg7 4. Bb2 0-0 5. Nbd2 c6 6. e3 Qb6 7. Nc4 Qb4+ 8. c3 Qb5 9. Nd4 Qg5 10. f4 Qg4 11. Be2 Qxg2 12. Bf3 Qxh1+ 13. Bxh1 d5 14. Nd2 Bf5 15. Nxf5 gxf5 16. Qf3 e6 17. 0-0-0 Nbd7 18. c4 Nc5 19. Kc2 Rfe8 20. Qg2 e5 21. Rg1 Ne6 22. Bxe5 1-0